Los médicos de antaño en el reino de Chile
Saved in:
| Hovedforfatter: | |
|---|---|
| Format: | Bog |
| Sprog: | spansk |
| Udgivet: |
Buenos Aires
Francisco de Aguirre
1974
|
| Fag: | |
| Tags: |
Tilføj Tag
Ingen Tags, Vær først til at tagge denne postø!
|
MARC
| LEADER | 00000nam a2200000 a 4500 | ||
|---|---|---|---|
| 001 | UCT1874 | ||
| 003 | CL-VaPUC | ||
| 008 | 961004e19740100AG |||||||||||||||||spa|d | ||
| 082 | 0 | 4 | |a 610.983 |b VIC |2 21 |
| 100 | |a Vicuña Mackenna, Benjamín, |d 1831-1886 |x Político e historiador |z Chile |e author |9 374 | ||
| 245 | 1 | 4 | |a Los médicos de antaño en el reino de Chile |
| 300 | |a 264 p | ||
| 942 | |c BK | ||
| 945 | |d 19961004 00:00:00 |a cmena | ||
| 260 | |a Buenos Aires |b Francisco de Aguirre |c 1974 | ||
| 650 | 0 | |a Medicina |9 258507 | |
| 650 | 7 | |a PERSONAL MEDICO |2 CL-VaPUC |9 327081 | |
| 650 | 0 | |a Hospitales |9 335788 | |
| 650 | 0 | |a Médicos |9 339460 | |
| 650 | 0 | |a Científicos |9 262025 | |
| 650 | 7 | |a ESCASEZ DE MANO DE OBRA |2 CL-VaPUC |9 370866 | |
| 583 | |a last modification |c 19961004 00:00:00 |k Rodrigo Vera | ||
| 999 | |c 252229 |d 252227 | ||
| 952 | |0 0 |1 0 |4 0 |6 610_983000000000000_VIC_1974 |7 0 |8 A |9 271969 |a BIBCUR |b BIBCUR |d 2019-11-19 |i 1755412 |o 610.983 VIC 1974 |p 1755412 |r 2025-04-22 |w 2019-11-19 |y BK |k BCB | ||